Harry Potter O.W.L.s Quiz Stats

 Plays Quiz Updated May 2, 2018

Challenge
Share
Tweet
Embed
Score 0/111 Timer 13:00
0 Plays Today
Clue Answer % Correct
Group 1 We
99.2%
Group 1Wet dirt
98.5%
Group 1 It goes with sweat and tears
98.3%
Group 1Laughter syllable
98.3%
Group 1Slow-moving garden creature
98.3%
Group 1Cupid's domain
98.3%
Group 1 Brass instrument
98.3%
Group 1Shelley of 'Cheers' or Howie of the NFL
98.3%
Group 2Hold on tight
98.2%
Group 1'The ____ stops here'
98.3%
Group 2Iron restraint on a person's ankle or wrist
98.2%
Group 2Blue jeans maker Strauss
98.2%
Group 2Chemical symbol of Argon
98.2%
Group 2____ we forget
98.2%
Group 1Gandalf the ____
98.3%
Group 1Use a shovel
98.3%
Group 2Move like a hummingbird
98.2%
Group 1Paper or plastic choice
98.3%
Group 2Writing implement
98.2%
Group 1It may go with potato chips
98.3%
Group 2Canal section
98.2%
Group 2Hesitant sound
98.2%
Group 1Kind of saint; or a tequila brand
98.3%
Group 1Starboard opposite
98.3%
Group 2Informal term for £
98.2%
Group 2'Nevermore' utterer
98.2%
Group 1 City's electrical network
98.3%
Group 2Nixon: 'I'm not a ____'
98.2%
Group 1 Bird mouth
98.3%
Group 1 Bet your ____ dollar
98.2%
Group 1 Basketball attempt
98.3%
Group 1 Like a slasher film
98.3%
Group 1 Car opener
98.3%
Group 1 Hamster or cat
98.3%
Group 1 Bueno or bon, in English
98.3%
Group 1 ____ and forth
98.3%
Group 2 Harry Potter's scar
98.2%
Clue Answer % Correct
Group 2 Lamb cuts
98.2%
Group 2 Talon
98.3%
Group 2 Roadside trench
98.2%
Group 2 Melissa Joan ____
98.2%
Group 2 Peter Pan's nemesis
98.2%
Group 2 Very eager to see or do something
98.2%
Group 2 _____ Christi, TX
98.2%
Group 2 Good place for target practice
98.2%
Group 2 It spans a river
98.2%
Group 2 Candle core
98.2%
Group 2 Leaks like a _____
98.2%
.:. ⇦ FINAL ANSWER
98.2%
.:.FINAL ANSWER ⇨
98.2%
Set 1Mudblood
81.9%
First part of questionWho does Draco Malfoy...
81.9%
First part of questionWhat is the first name...
71.4%
Set 1Lovegood
71.4%
Set 1Greyback
69.7%
First part of questionWhich future Hogwarts teacher...
69.7%
Set 1Buckbeak
68.6%
First part of questionWhat alias was given to...
68.6%
Set 1Slughorn
64.7%
First part of questionOn what subject did Tom Riddle...
64.7%
Set 1Portkey
62.3%
First part of questionWhat object was used as a portkey...
62.3%
Set 1Hagrid
62%
First part of questionWhat does Hagrid use...
62%
First part of questionWhat form did the...
61.9%
Set 1Longbottom
61.8%
First part of questionWho did Cedric Diggory...
57.4%
Set 1Diggory
57.4%
AnswersHermione Granger
56.4%
Set 1Bagshot
53.8%
First part of questionWho disguised herself...
53.8%
Second part of question...to travel to the Quidditch World Cup?
50.9%
Set 2Griphook
50.9%
Second part of question...Buckbeak to deceive the Ministry?
49.6%
Clue Answer % Correct
Set 2Umbridge
49.6%
Set 1Dippet
48.4%
First part of questionWhich wizard succeeded...
48.4%
Second part of question...for producing a patronus?
47.6%
Set 2Flitwick
47.6%
Second part of question...did Fenrir Greyback infect?
47.6%
Set 2Ravenclaw
47.6%
Second part of question...as Bathilda Bagshot?
46.9%
Set 2Levicorpus!
46.9%
AnswersManky old boot
46.3%
AnswersRemus Lupin
46.3%
Second part of question...repeatedly call a Mudblood?
46%
Set 2Crookshanks
45.8%
AnswersAlbus Dumbledore
44%
AnswersCho Chang
43.8%
Second part of question...Armando Dippet as Hogwarts Headmaster?
42.3%
Set 2Lockhart
42.3%
Second part of question...ask to the Yule Ball?
41.9%
Set 2Shacklebolt
41.8%
Second part of question...of Luna's father?
40%
AnswersSeverus Snape
40%
Set 2Quidditch
39.9%
AnswersHorcruxes
38.3%
AnswersNagini
38.1%
Second part of question...Boggart take in front of Neville?
38%
Set 2Lestrange
38%
Second part of question...receive critical info from Horace Slughorn?
37.2%
Set 2Pensieve
37.2%
First part of questionWhat is the incantation...
37%
Set 1Patronus
36.9%
AnswersXenophilius
35.5%
AnswersExpecto Patronum!
33.6%
AnswersPink umbrella
33.3%
AnswersWitherwings
30.6%
Second part of question...to hide his wand?
27.4%
Set 2Aragog
27.3%
..:..Congratulations! You have passed the O.W.L.s!
24.9%

You're not logged in!

Compare scores with friends on all Sporcle quizzes.
Join for Free
OR
Log In

You Might Also Like...

Show Comments

Extras

Top Quizzes Today


Score Distribution

Your Account Isn't Verified!

In order to create a playlist on Sporcle, you need to verify the email address you used during registration. Go to your Sporcle Settings to finish the process.

Report this User

Report this user for behavior that violates our Community Guidelines.

Details: